| 000 | 00950nam a2200265Ia 4500 | ||
|---|---|---|---|
| 003 | OSt | ||
| 005 | 20221005110636.0 | ||
| 006 | a|||||r|||| 00| 0 | ||
| 007 | ta | ||
| 008 | 221004b |||||||| |||| 00| 0 hin d | ||
| 024 | _a31363 | ||
| 037 | _cTextual | ||
| 040 |
_aCRL _cCRL _bhin |
||
| 041 |
_2hin _ahin |
||
| 082 | _aV2-2'N7, 152M0 | ||
| 100 | _aकुरियन, के मैथ्यू | ||
| 245 | 0 | _aेकेंद्र राज्य संबंध | |
| 246 | _aEkeandra rājya sanbandha | ||
| 250 | _aप्रथम संस्करण | ||
| 260 |
_aनई दिल्ली _bमैकमिलन इंडिया लिमिटेड भारत _c1980 |
||
| 300 |
_a239पृ. _ccm. |
||
| 700 | _a वर्गीस, पी एन | ||
| 942 |
_hV2-2'N7, 152M0 _cTEXL _2cc |
||
| 999 |
_c1019444 _d1019444 |
||